Matemática 8º básico: texto para el estudiante
Guardat en:
| Autor principal: | |
|---|---|
| Format: | Llibre |
| Idioma: | espanyol |
| Publicat: |
Santiago
Mare Nostrum
2007
|
| Edició: | 1a. ed |
| Matèries: | |
| Etiquetes: |
Afegir etiqueta
Sense etiquetes, Sigues el primer a etiquetar aquest registre!
|
MARC
| LEADER | 00000nam a2200000 a 4500 | ||
|---|---|---|---|
| 001 | UCI0554 | ||
| 003 | CL-VaPUC | ||
| 008 | 070518e20070000CL |||||||||||||||||spa|d | ||
| 020 | |a 9562941809 | ||
| 082 | 0 | 4 | |a 372.7 |b GUI |2 21 |
| 100 | |a Guíñez Abarzúa, Flavio |e author |9 531205 | ||
| 245 | 1 | 0 | |a Matemática 8º básico: texto para el estudiante |
| 250 | |a 1a. ed | ||
| 300 | |a 183 p | ||
| 942 | |c BK | ||
| 945 | |d 20070518 00:00:00 |a cmena | ||
| 260 | |a Santiago |b Mare Nostrum |c 2007 | ||
| 650 | 0 | |a Matemáticas |x Enseñanza |9 875527 | |
| 650 | 0 | |a Educación básica |9 224933 | |
| 650 | 0 | |a Libros de texto |9 270019 | |
| 650 | 0 | |a Métodos de enseñanza |9 270413 | |
| 583 | |a last modification |c 20171130 16:21:12 |k Rodrigo Vera | ||
| 999 | |c 325642 |d 325640 | ||
| 952 | |0 0 |1 0 |4 0 |6 372_700000000000000_GUI_2007 |7 0 |8 A |9 406798 |a BIBEDU |b BIBEDU |d 2019-11-22 |i 4340906 |o 372.7 GUI 2007 |p 4340906 |r 2019-11-22 |w 2019-11-22 |y BK |k EBA | ||
| 952 | |0 0 |1 0 |4 0 |6 372_700000000000000_GUI_2007 |7 0 |8 A |9 406799 |a BIBEDU |b BIBEDU |d 2019-11-22 |i 4340914 |o 372.7 GUI 2007 |p 4340914 |r 2019-11-22 |w 2019-11-22 |y BK |k EBA | ||
| 952 | |0 0 |1 0 |4 0 |6 372_700000000000000_GUI_2007 |7 0 |8 A |9 406801 |a BIBMAT |b BIBMAT |c E_DIDACT |d 2019-11-22 |i 434099K |o 372.7 GUI 2007 |p 434099K |r 2025-01-07 |w 2019-11-22 |y BK |k MAT | ||
| 952 | |0 0 |1 0 |4 0 |6 372_700000000000000_GUI_2007 |7 0 |8 A |9 406803 |a BIBMAT |b BIBMAT |c E_DIDACT |d 2019-11-22 |i 4341015 |o 372.7 GUI 2007 |p 4341015 |r 2025-01-07 |w 2019-11-22 |y BK |k MAT | ||
| 952 | |0 0 |1 0 |4 0 |6 372_700000000000000_GUI_2007 |7 0 |8 A |9 406804 |a BIBEDU |b BIBEDU |d 2019-11-22 |i 4434889 |o 372.7 GUI 2007 |p 4434889 |r 2019-11-22 |w 2019-11-22 |y BK |k EBA | ||